000 00619nam a2200193Ia 4500
001 21533
003 GE_BSU
008 181216s||||||||xx |||||||||||||| ||und||
040 _cGE_BSU
245 _aНефтегазовые технологии № 12 Декабрь 2017
245 _bНаучно-технический журнал. CD
245 _cГл. ред. Миронова А.В.
260 _aМосква
260 _c2017
300 _a81 стр. 30см.
653 _aНефтегазовые технологии № 12 Декабрь 2017
653 _aპერიოდიკა
942 _cCR
999 _c54471
_d54471